Name The Random Object #2 - Statistics

General Stats
  • This quiz has been taken 60 times
  • The average score is 15 of 16
Answer Stats
Picture Answer % Correct
Golf Ball
100%
Television
100%
Tomato
100%
Wall
100%
Bird
98%
Book
98%
Car
98%
Chair
98%
Dog
98%
Ice Cream
98%
Panda
98%
Socks
98%
Bamboo
96%
Candle
96%
Envelope
82%
Marker
75%
No matching quizzes found
Score Distribution
Percent of People with Each Score
Percentile by Number Answered
Your Score History
You have not taken this quiz